00630nam a2200217 a 4500001000400000003001000004005001700014008004100031020001800072040002500090080001900115100004700134245005400181250001900235260003800254300001900292504002500311650002700336650001700363650003200380347BR-CuiBMT20231101184510.0231101s2016 mgb 000 0 por d a9788545000402 aBR-CuiBMTcBR-CuiBMT 22007a35.078.61 aMarques Neto, Floriano de Azevedo,d1968- 10aConcessões /cFloriano de Azevedo Marques Neto. a1. ed. reimpr. aBelo Horizonte :bFórum,c2016. a422 p.:c24 cm ainclui bibliografia. aDireito administrativo aConcessões aAdministração pública